Morphologiai és biokémiai vizsgálatok hideg- és meleg shock-kezelt Tetrahymena pyriformis GL törzsén

Elmentve itt :
Bibliográfiai részletek
Szerző: Németh Gábor
További közreműködők: nincs megadva (Témavezető)
Dokumentumtípus: Disszertáció
Megjelent: 1964
Kulcsszavak:Biológia
Tárgyszavak:
Online Access:http://doktori.ek.szte.hu/6961
LEADER 00734nta a2200205 i 4500
001 dokt6961
005 20240307135236.0
008 240307s1964 hu om 0|| hun d
040 |a SZTE Doktori Repozitórium  |b hun 
041 |a hun 
100 1 |a Németh Gábor 
245 1 0 |a Morphologiai és biokémiai vizsgálatok hideg- és meleg shock-kezelt Tetrahymena pyriformis GL törzsén  |h [elektronikus dokumentum] /  |c  Németh Gábor 
260 |c 1964 
502 |a Disszertacio 
650 4 |a biológiai tudományok 
650 4 |a Természettudományok 
650 4 |a Biológiai tudományok 
695 |a Biológia 
700 0 1 |a nincs megadva  |e ths 
856 4 0 |u https://doktori.bibl.u-szeged.hu/id/eprint/6961/1/1964_nemeth_gabor.pdf  |z Dokumentum-elérés